000 00930cab a2200265 4500
001 X93072
008 090401t1998 xxu||||| |||| 00| 0 eng d
035 _a(Sirsi) u87622
041 _aeng
245 _aR v Newbury DC ex p Blackwell
260 _c1998
350 _a0
490 _aJournal of Planning and Environment Law
_v[1998] JPL 680-692(13)
520 _aQBD 29 October 1997. Planning permission for extension to racehorse training facilities - highway safety - alleged dangerous junction - planning sub-committee failed to seek sufficient evidence relating to the highway issue - Wednesbury unreasonable.
650 _aADDITIONAL TRAFFIC
650 _aEXPERT EVIDENCE
650 _aEXTENSION
650 _aHIGHWAY IMPROVEMENTS
650 _aPLANNING PERMISSION
650 _aRACEHORSES
650 _aROAD JUNCTIONS
690 _aPLANNING LAW AND PRACTICE-CASE LAW
942 _n0
948 _c23/07/1998
999 _c55279
_d55279